|
|
|
|
| LEADER |
01246aam a22003858a 4500 |
| 001 |
00032595 |
| 005 |
20171026081023.0 |
| 008 |
141014s2014 ||||||viesd |
| 020 |
# |
# |
|a 9786045015544
|
| 041 |
0 |
# |
|a vie
|
| 082 |
1 |
4 |
|a 392.109 597 167
|b TR300TH
|
| 100 |
1 |
# |
|a Nguyễn, Thị Minh Tú
|
| 245 |
1 |
0 |
|a Tri thức dân gian về cúng chữa bệnh cho phụ nữ và trẻ em của người Dao Tuyển ở Lào Cai
|c Nguyễn Thị Minh Tú, Triệu Văn Quẫy
|
| 260 |
# |
# |
|a Hà Nội
|b Văn hóa thông tin
|c 2014
|
| 300 |
# |
# |
|a 253 tr.
|c 21 cm
|
| 500 |
# |
# |
|a ĐTTS ghi: Hội Văn nghệ dân gian Việt Nam
|
| 653 |
# |
# |
|a Lào Cai
|
| 653 |
# |
# |
|a Chữa bệnh
|
| 653 |
# |
# |
|a Chăm sóc
|
| 653 |
# |
# |
|a Lễ cúng
|
| 653 |
# |
# |
|a Văn hóa dân gian
|
| 653 |
# |
# |
|a Việt Nam
|
| 653 |
# |
# |
|a Trẻ em
|
| 653 |
# |
# |
|a Sức khỏe
|
| 653 |
# |
# |
|a Người Dao Tuyển
|
| 653 |
# |
# |
|a Phụ nữ
|
| 700 |
1 |
# |
|a Triệu, Văn Quẫy
|
| 852 |
# |
# |
|b Kho đọc
|j KD.0016138
|
| 852 |
# |
# |
|j KD.0016138
|
| 910 |
|
|
|d 14/9/2014
|
| 980 |
# |
# |
|a Trung tâm Học liệu Lê Vũ Hùng, Trường Đại học Đồng Tháp
|